000 00569nam a22001697a 4500
003 OSt
005 20171010095517.0
008 120815t xxu||||| |||| 00| 0 eng d
040 _aMMSU
_cULS
100 _aSanchez, Gloria A.
_912171
245 _aReliance of Ilocanos on traditional health practitioners (THPs)
_cGloria A. Sanchez
260 _c2001
300 _axvi, 165 leaves
_c28 cm.
500 _aThesis (Ph.D. Rural Development) -- Mariano Marcos State University-Graduate School, Laoag City
504 _aBibliography: leaves 147-150
942 _2ddc
_cTHEDIS
999 _c9740
_d9740